000 00944cam a22003013a 4500
001 1035
005 20230908162302.0
020 _a9780439775212
040 _aBVD
_cBVD
_dOCLCQ
_dIHI
_dDLC
_beng
050 0 0 _aPZ7.B1405
082 _aFic
100 1 _aBaglio, Ben M.
245 1 0 _aBeagle in a backpack /
_cBen M. Baglio ; illustrated by Ann Baum.
260 _aNew York :
_bScholastic,
_c1996.
300 _a142 pages :
_billustrations ;
_c20 cm
490 _aAnimal Ark
505 _aS
520 _aMandy and James are distracted from Halloween planning when a local girl runs away from home with a stolen beagle puppy.
521 _a790
_bLexile
521 _aN
_bRaz-Plus
650 1 _aDogs
_vFiction.
650 1 _aRunaways
_vFiction.
650 1 _aHalloween
_vFiction.
700 1 _aBaum, Ann.
700 1 _aBaglio, Ben M.
_tAnimal Ark.
906 _a7
_bcbc
_ccopycat
_d2
_encip
_f20
_gy-gencatlg
942 _2ddc
_cBK
_n0
999 _c1035
_d1035